00525nam a22001457a 450000500170000000800410001702000280005804100130008608200130009910000410011224501100015326000580026330000320032165000260035320240119091451.0240119b |||||||| |||| 00| 0 eng d a0409003301 ; 0409003603 aEnglish  a349 JOU  aJoubert, WA and Scott, TJ lEnglish  aThe Law of South Africa : Licensing to Malicious Proceedings and Prosecution / cWA Joubert and TJ Scott  aDurban : bButterworth and Company (Pty) Ltd, c1981  bviii, 491 pages ; c26 cm.  aLegal practice bLaw